00928nam a2200241 a 4500001000400000003001000004005001700014008004100031020001800072040002500090080001600115100002700131245005000158250003300208260003700241300003200278500014500310504002500455505012900480650002600609650002200635650002900657101BR-CuiBMT20231127194001.0230811s2012 spba 000 0 por d a9788530940003 aBR-CuiBMTcBR-CuiBMT 22007a343.21 aMasson, Cleber,d1976-10aDireito penal esquematizado /cCleber Masson. a4. ed., rev., atual. e ampl. aSão Paulo :bMétodo, c2012. a3 v. :bil. color. ;c23 cm aEm consonância com a jurisprudência atualizada do STF e do STJ. Gráficos e quadros esquemáticos. Questões de concursos públicos. aInclui bibliografia.0 av. 1. Parte geral (arts. 1º a 120) -- v. 2. Parte especial (arts. 121 a 212) -- v. 3. Parte especial - (arts. 213 a 359-T). aDireito penalzBrasil aDireito público aDireito processual penal